TENWEK HOSP HOME | SOC  | ASK A LIBRARIANSTAFF LOGIN  |  DIGITAL REPOSITORYe-BOOK PORTAL  |  OFF-CAMPUS PORTAL  |  DONATE

Conceptual models of nursing : (Record no. 2965)

MARC details
000 -LEADER
fixed length control field 00969cam a2200301 a 4500
001 - CONTROL NUMBER
control field 4224273
003 - CONTROL NUMBER IDENTIFIER
control field Ke-BoTe
005 - DATE AND TIME OF LATEST TRANSACTION
control field 20220520102251.0
008 - FIXED-LENGTH DATA ELEMENTS--GENERAL INFORMATION
fixed length control field 820922s1983 mdua b 001 0 eng
010 ## - LIBRARY OF CONGRESS CONTROL NUMBER
LC control number 82017913
020 ## - INTERNATIONAL STANDARD BOOK NUMBER
International Standard Book Number 0893032336 (pbk.)
040 ## - CATALOGING SOURCE
Original cataloging agency DLC
Transcribing agency DLC
Modifying agency DLC
050 10 - LIBRARY OF CONGRESS CALL NUMBER
Classification number RT84.5
Item number .C664 1983
060 ## - NATIONAL LIBRARY OF MEDICINE CALL NUMBER
Classification number WY 100 C7445
082 00 - DEWEY DECIMAL CLASSIFICATION NUMBER
Classification number 610.73/01
Edition number 19
245 00 - TITLE STATEMENT
Title Conceptual models of nursing :
Remainder of title analysis and application /
Statement of responsibility, etc. edited by Joyce J. Fitzpatrick, Ann L. Whall.
260 ## - PUBLICATION, DISTRIBUTION, ETC.
Place of publication, distribution, etc. Bowie, Md. :
Name of publisher, distributor, etc. R.J. Brady Co.,
Date of publication, distribution, etc. c1983.
300 ## - PHYSICAL DESCRIPTION
Extent xi, 339 p. :
Other physical details ill. ;
Dimensions 23 cm.
504 ## - BIBLIOGRAPHY, ETC. NOTE
Bibliography, etc. note Includes bibliographies and index.
650 #0 - SUBJECT ADDED ENTRY--TOPICAL TERM
Topical term or geographic name entry element Nursing
General subdivision Philosophy.
9 (RLIN) 3264
650 #0 - SUBJECT ADDED ENTRY--TOPICAL TERM
Topical term or geographic name entry element Nursing models.
9 (RLIN) 4201
650 #2 - SUBJECT ADDED ENTRY--TOPICAL TERM
Topical term or geographic name entry element Nursing process.
9 (RLIN) 3203
650 #2 - SUBJECT ADDED ENTRY--TOPICAL TERM
Topical term or geographic name entry element Models, Theoretical.
9 (RLIN) 4004
700 1# - ADDED ENTRY--PERSONAL NAME
Personal name Fitzpatrick, Joyce J.,
Dates associated with a name 1944-
9 (RLIN) 6104
700 1# - ADDED ENTRY--PERSONAL NAME
Personal name Whall, Ann L.
9 (RLIN) 6105
906 ## - LOCAL DATA ELEMENT F, LDF (RLIN)
a 7
b cbc
c orignew
d 1
e ocip
f 19
g y-gencatlg
942 ## - ADDED ENTRY ELEMENTS (KOHA)
Source of classification or shelving scheme Library of Congress Classification
Koha item type Books
Suppress in OPAC No
Holdings
Withdrawn status Lost status Source of classification or shelving scheme Damaged status Not for loan Collection code Home library Current library Shelving location Date acquired Total Checkouts Full call number Barcode Date last seen Price effective from Koha item type
    Library of Congress Classification     Non-fiction SCHOOL OF HEALTH SCIENCES SCHOOL OF HEALTH SCIENCES General Stacks 20.05.2022   RT84.2.C664 1983 00002418 20.05.2022 20.05.2022 Books